[Event "RLP Seniors op 17th"]
[Site "Neustadt an der Weinstrasse"]
[Date "2019.07.28"]
[Round "9"]
[White "Titz, Waldemar"]
[Black "Dickel, Gisbert"]
[Result "0-1"]
[WhiteElo "1749"]
[BlackElo "1931"]
[PlyCount "118"]
[EventDate "2019.07.20"]
[EventType "swiss"]
[EventRounds "9"]
[EventCountry "GER"]
[SourceTitle "CBM 192 Extra"]
[Source "Chessbase"]
[SourceDate "2019.11.06"]
[SourceVersion "1"]
[SourceVersionDate "2019.11.06"]
[SourceQuality "1"]

1. e4 e6 2. d4 c5 3. Nf3 cxd4 4. Nxd4 Nf6 5. Bd3 Nc6 6. c3 Ne5 7. Bf4 Bd6 8. Bxe5 Bxe5 9. Nf3 Bc7 10. 0-0 b6 11. Re1 e5 12. Nbd2 0-0 13. Qc2 Qe7 14. Rad1 d6 15. Bc4 h6 16. h3 Nh5 17. Nf1 Nf4 18. Ne3 Be6 19. Nd5 Bxd5 20. Bxd5 Rad8 21. c4 Qf6 22. Kh2 Kh8 23. Re3 g5 24. g3 Ng6 25. Ng1 Ne7 26. Rf3 Qg6 27. g4 Kg7 28. Ne2 Ng8 29. Ng3 Bb8 30. Nh5+ Kh8 31. Ng3 Rc8 32. Qd3 Nf6 33. b3 a5 34. Nf5 Rfe8 35. Ng3 Rc5 36. Qe3 Re7 37. Rd3 b5 38. Nf5 Ra7 39. cxb5 Rxb5 40. Bc4 Rbb7 41. Bd5 Nxd5 42. Rxd5 Ra6 43. Qd2 a4 44. Rfd3 axb3 45. Rxb3 Rxb3 46. axb3 Qe6 47. Qb4 Qc8 48. Nxd6 Qf8 49. Nxf7+ Qxf7 50. Qxb8+ Kh7 51. Qd8 Qxf2+ 52. Kh1 Ra1+ 53. Rd1 Qf3+ 54. Kh2 Rxd1 55. Qe7+ Kg6 56. Qe8+ Qf7 57. Qc6+ Kh7 58. Qc3 Qf4+ 59. Kg2 Qf1+ 0-1

[Event "RLP Seniors op 17th"]
[Site "Neustadt an der Weinstrasse"]
[Date "2019.07.25"]
[Round "6"]
[White "Titz, Waldemar"]
[Black "Walther, Renate"]
[Result "1-0"]
[WhiteElo "1749"]
[BlackElo "1113"]
[PlyCount "59"]
[EventDate "2019.07.20"]
[EventType "swiss"]
[EventRounds "9"]
[EventCountry "GER"]
[SourceTitle "CBM 192 Extra"]
[Source "Chessbase"]
[SourceDate "2019.11.06"]
[SourceVersion "1"]
[SourceVersionDate "2019.11.06"]
[SourceQuality "1"]

1. e4 e5 2. Nf3 d5 3. exd5 Bd6 4. Nc3 Bd7 5. Be2 Nf6 6. d3 0-0 7. 0-0 a5 8. Bg5 h6 9. Bxf6 Qxf6 10. Ne4 Qe7 11. c4 Na6 12. a3 Nc5 13. Nxc5 Bxc5 14. Re1 Qd6 15. Bf1 Rae8 16. Qd2 b6 17. Rab1 Qf6 18. b4 axb4 19. axb4 Bd6 20. Qb2 Bg4 21. Nd2 Qg5 22. Ne4 Qg6 23. c5 bxc5 24. bxc5 Be7 25. Rbc1 f5 26. Nd2 Bf6 27. Qb7 Qf7 28. d6 f4 29. f3 Rc8 30. fxg4 1-0

[Event "RLP Seniors op 17th"]
[Site "Neustadt an der Weinstrasse"]
[Date "2019.07.20"]
[Round "1"]
[White "Boehler, Karl Heinz"]
[Black "Titz, Waldemar"]
[Result "1-0"]
[WhiteElo "2038"]
[BlackElo "1749"]
[PlyCount "85"]
[EventDate "2019.07.20"]
[EventType "swiss"]
[EventRounds "9"]
[EventCountry "GER"]
[SourceTitle "CBM 192 Extra"]
[Source "Chessbase"]
[SourceDate "2019.11.06"]
[SourceVersion "1"]
[SourceVersionDate "2019.11.06"]
[SourceQuality "1"]

1. d4 Nf6 2. Nf3 d6 3. c4 g6 4. Nc3 Bg7 5. e4 Bg4 6. h3 Bxf3 7. Qxf3 c6 8. Be3 Nbd7 9. g4 h6 10. Rd1 Qc7 11. Qg3 Qa5 12. Rd2 0-0-0 13. f4 Rhe8 14. Bg2 Nb6 15. Bf1 Qb4 16. e5 Nfd7 17. Ne4 d5 18. cxd5 Nxd5 19. Bf2 N7b6 20. b3 Nc7 21. Qc3 Qxc3 22. Nxc3 Nbd5 23. Nxd5 Nxd5 24. Bg3 Bf8 25. Bc4 e6 26. Ke2 Rd7 27. Bxd5 Rxd5 28. Bf2 Red8 29. Rc2 Kb8 30. a4 Bb4 31. Be3 R8d7 32. Rf1 Ba5 33. f5 gxf5 34. gxf5 exf5 35. Rxf5 Bb6 36. Rc4 Bd8 37. Kf3 Bb6 38. Ke4 Bd8 39. Bxh6 Bh4 40. Rc1 Re7 41. Rh5 Bg3 42. Rg1 Bh2 43. Rg2 1-0

[Event "Bad Woerishofen op 34th"]
[Site "Bad Woerishofen"]
[Date "2018.03.03"]
[Round "9"]
[White "Koch, Dieter"]
[Black "Titz, Waldemar"]
[Result "1-0"]
[WhiteElo "1725"]
[BlackElo "1770"]
[PlyCount "87"]
[EventDate "2018.02.23"]
[EventType "swiss"]
[EventRounds "9"]
[EventCountry "GER"]
[SourceTitle "EXT 2019"]
[Source "ChessBase"]
[SourceDate "2018.10.10"]
[SourceVersion "1"]
[SourceVersionDate "2018.10.10"]
[SourceQuality "1"]

1. d4 Nf6 2. e3 d5 3. Bd3 e6 4. Nd2 Be7 5. f4 Nbd7 6. Qf3 c5 7. c3 b6 8. Nh3 h6 9. a4 Bb7 10. Nf2 Qc7 11. 0-0 0-0-0 12. Qe2 c4 13. Bc2 Bd6 14. Nf3 Rdf8 15. Ne5 a5 16. Bd2 Ne4 17. Nxe4 dxe4 18. Nxc4 g5 19. Nxd6+ Qxd6 20. c4 gxf4 21. Rxf4 f5 22. c5 bxc5 23. dxc5 Nxc5 24. Rc1 Ba6 25. Qe1 e5 26. Rf2 Kb8 27. Bxa5 f4 28. Rd2 Qf6 29. Rf2 Qc6 30. Qb4+ Nb7 31. Qxe4 Qxe4 32. Bxe4 fxe3 33. Rxf8+ Rxf8 34. Bc7+ Ka7 35. Bxe5 e2 36. Bf3 Re8 37. Bd4+ Ka8 38. Re1 Rd8 39. Bc3 Ka7 40. Bxe2 Re8 41. Kf2 Rf8+ 42. Bf3 Nc5 43. Bd4 Rc8 44. b4 1-0

[Event "Bad Woerishofen Seniors op 32nd"]
[Site "Bad Woerishofen"]
[Date "2016.03.01"]
[Round "5"]
[White "Titz, Waldemar"]
[Black "Lubberich, Alfred"]
[Result "1/2-1/2"]
[WhiteElo "1725"]
[BlackElo "1848"]
[PlyCount "34"]
[EventDate "2016.02.26"]
[EventType "swiss"]
[EventRounds "9"]
[EventCountry "GER"]
[SourceTitle "EXT 2019"]
[Source "ChessBase"]
[SourceDate "2018.10.10"]
[SourceVersion "1"]
[SourceVersionDate "2018.10.10"]
[SourceQuality "1"]

1. e4 c5 2. Nf3 d6 3. c4 Nc6 4. d4 cxd4 5. Nxd4 g6 6. Nc3 Bg7 7. Be3 Nf6 8. Be2 0-0 9. 0-0 Nxd4 10. Bxd4 Bd7 11. f3 Bc6 12. Qd2 a6 13. Rfd1 Qd7 14. Rac1 Rac8 15. Nd5 Bxd5 16. cxd5 Rxc1 17. Rxc1 Rc8 1/2-1/2

[Event "Arber op Seniors 3rd"]
[Site "Bayerisch Eisenstein"]
[Date "2015.08.02"]
[Round "3"]
[White "Titz, Waldemar"]
[Black "Gerl, Hans Peter"]
[Result "0-1"]
[WhiteElo "1701"]
[BlackElo "1950"]
[PlyCount "88"]
[EventDate "2015.08.01"]
[EventType "swiss"]
[EventRounds "9"]
[EventCountry "GER"]
[SourceTitle "EXT 2016"]
[Source "ChessBase"]
[SourceDate "2015.10.08"]
[SourceVersion "1"]
[SourceVersionDate "2015.10.08"]
[SourceQuality "1"]

1. e4 c5 2. Nf3 d6 3. d4 cxd4 4. Nxd4 Nf6 5. Nc3 a6 6. Be2 e6 7. Be3 Be7 8. 0-0 0-0 9. Qd2 Qc7 10. Rac1 Nbd7 11. f4 b6 12. f5 e5 13. Nb3 Bb7 14. Bf3 b5 15. a3 Rad8 16. Rfd1 Nc5 17. Nd5 Bxd5 18. exd5 Ncd7 19. Na5 e4 20. Be2 Ne5 21. b4 Rc8 22. c4 Qd7 23. Rf1 Bd8 24. Nc6 Nxc6 25. dxc6 Rxc6 26. cxb5 Rxc1 27. Rxc1 axb5 28. Rf1 Be7 29. Qd4 Rb8 30. Bg5 d5 31. Bf4 Rb7 32. g4 Bd8 33. Kh1 Bb6 34. Qb2 d4 35. g5 Nd5 36. Be5 Ne3 37. Rg1 Qd5 38. Bf4 Nxf5 39. Bf1 d3 40. Rg4 Re7 41. Bg2 Re8 42. h4 Ne3 43. Bxe3 Bxe3 44. Qc3 d2 0-1

[Event "Bad Woerishofen op 29th"]
[Site "Bad Woerishofen"]
[Date "2013.03.03"]
[Round "3"]
[White "Ries, Berthold"]
[Black "Titz, Waldemar"]
[Result "1-0"]
[WhiteElo "1946"]
[BlackElo "1734"]
[PlyCount "45"]
[EventDate "2013.03.01"]
[EventType "swiss"]
[EventRounds "9"]
[EventCountry "GER"]
[SourceTitle "CBM 153 Extra"]
[Source "ChessBase"]
[SourceDate "2013.04.22"]
[SourceVersion "1"]
[SourceVersionDate "2013.04.22"]
[SourceQuality "1"]

1. e4 d6 2. d4 Nf6 3. Nc3 g6 4. f4 Bg4 5. Nf3 Bg7 6. Bd3 c6 7. 0-0 0-0 8. Be3 a6 9. e5 dxe5 10. fxe5 Nd5 11. Nxd5 cxd5 12. h3 Bxf3 13. Qxf3 Nc6 14. c3 e6 15. Qg3 Ne7 16. Bg5 Qd7 17. Qh4 Nf5 18. Bxf5 exf5 19. Bf6 Qe6 20. g4 Rae8 21. Rxf5 gxf5 22. Qg5 Qxf6 23. exf6 1-0

[Event "Seefeld op 18th"]
[Site "Seefeld"]
[Date "2007.09.08"]
[Round "8"]
[White "Michel, Jan"]
[Black "Titz, Waldemar"]
[Result "1-0"]
[WhiteElo "1450"]
[BlackElo "1819"]
[PlyCount "90"]
[EventDate "2007.09.01"]
[EventType "swiss"]
[EventRounds "9"]
[EventCountry "AUT"]
[SourceTitle "EXT 2009"]
[Source "ChessBase"]
[SourceDate "2008.11.26"]
[SourceVersion "1"]
[SourceVersionDate "2008.11.26"]
[SourceQuality "1"]

1. e4 d6 2. d4 Nf6 3. Nc3 g6 4. Be2 Bg7 5. Nf3 c6 6. 0-0 0-0 7. Re1 Bg4 8. Rb1 Qc7 9. Be3 Nbd7 10. Nd2 Bxe2 11. Qxe2 b5 12. a3 a6 13. Nd1 Rac8 14. c3 c5 15. d5 c4 16. f3 Ne5 17. Nf2 Rfe8 18. f4 Ned7 19. Qf3 Nc5 20. Bxc5 Qxc5 21. Kh1 e6 22. dxe6 Rxe6 23. Re2 Rce8 24. Rbe1 Qc7 25. h3 Nd7 26. g3 Nc5 27. g4 Qd8 28. g5 f6 29. h4 f5 30. exf5 gxf5 31. Rxe6 Rxe6 32. Rxe6 Nxe6 33. Qd5 Qe7 34. Qxf5 Nc5 35. Qc8+ Bf8 36. Nf1 Qe2 37. Kg1 Qf3 38. Qf5 Qe2 39. g6 hxg6 40. Qxg6+ Kh8 41. Ng4 Nd3 42. Qh5+ Kg8 43. Nf6+ Kg7 44. Qxe2 Nxf4 45. Qg4+ Kxf6 1-0

[Event "Seefeld op 16th"]
[Site "Seefeld"]
[Date "2005.09.25"]
[Round "9"]
[White "Titz, Waldemar"]
[Black "Scholz, Herbert"]
[Result "1/2-1/2"]
[WhiteElo "1541"]
[BlackElo "1994"]
[PlyCount "46"]
[EventDate "2005.09.17"]
[EventType "swiss"]
[EventRounds "9"]
[EventCountry "AUT"]
[SourceTitle "EXT 2007"]
[Source "ChessBase"]
[SourceDate "2006.11.23"]
[SourceVersion "1"]
[SourceVersionDate "2006.11.23"]
[SourceQuality "1"]

1. e4 c6 2. d4 d5 3. Nd2 dxe4 4. Nxe4 Nd7 5. Nf3 Ngf6 6. Nxf6+ Nxf6 7. h3 g6 8. Bd3 Bg7 9. c3 0-0 10. 0-0 Qc7 11. Qc2 c5 12. dxc5 Qxc5 13. Be3 Qc6 14. Nd4 Qc7 15. Nb5 Qb8 16. Rfe1 a6 17. Na3 e5 18. Bc5 b5 19. Bxf8 Bxf8 20. Be4 Nxe4 21. Qxe4 Bd6 22. Rad1 Bf5 23. Qc6 Bc7 1/2-1/2

[Event "Seefeld op 16th"]
[Site "Seefeld"]
[Date "2005.09.23"]
[Round "7"]
[White "Russ, Colin"]
[Black "Titz, Waldemar"]
[Result "1/2-1/2"]
[WhiteElo "1964"]
[BlackElo "1541"]
[PlyCount "101"]
[EventDate "2005.09.17"]
[EventType "swiss"]
[EventRounds "9"]
[EventCountry "AUT"]
[SourceTitle "EXT 2007"]
[Source "ChessBase"]
[SourceDate "2006.11.23"]
[SourceVersion "1"]
[SourceVersionDate "2006.11.23"]
[SourceQuality "1"]

1. Nf3 d5 2. d4 Nf6 3. c4 e6 4. Nc3 Be7 5. Bg5 0-0 6. Bxf6 Bxf6 7. e3 b6 8. Qc2 Bb7 9. cxd5 exd5 10. Bd3 g6 11. h4 c5 12. b3 cxd4 13. exd4 Re8+ 14. Be2 Ba6 15. 0-0 Bxe2 16. Nxe2 Bxh4 17. g3 Bg5 18. Nxg5 Qxg5 19. Nf4 Na6 20. Qc6 Red8 21. Rfe1 Nb4 22. Qc3 a5 23. Re5 Qg4 24. a3 Rac8 25. Qd2 Nc6 26. Re3 h5 27. b4 Qf5 28. b5 Na7 29. Re5 Qc2 30. Qxc2 Rxc2 31. a4 Rc4 32. Rxd5 Rxd5 33. Nxd5 Nc8 34. Kf1 Rxd4 35. Rc1 Nd6 36. Nxb6 h4 37. Kg2 hxg3 38. fxg3 Kg7 39. Rc5 Rb4 40. Rc6 Nxb5 41. axb5 Rxb5 42. Nc4 a4 43. Ra6 Rb4 44. Ne5 g5 45. Nd3 Rd4 46. Nc5 Rd2+ 47. Kf3 Rd5 48. Nxa4 f5 49. Ke3 f4+ 50. gxf4 gxf4+ 51. Kxf4 1/2-1/2

[Event "Seefeld op 16th"]
[Site "Seefeld"]
[Date "2005.09.17"]
[Round "1"]
[White "Allgaier, Erik"]
[Black "Titz, Waldemar"]
[Result "1-0"]
[WhiteElo "2078"]
[BlackElo "1541"]
[PlyCount "71"]
[EventDate "2005.09.17"]
[EventType "swiss"]
[EventRounds "9"]
[EventCountry "AUT"]
[SourceTitle "EXT 2007"]
[Source "ChessBase"]
[SourceDate "2006.11.23"]
[SourceVersion "1"]
[SourceVersionDate "2006.11.23"]
[SourceQuality "1"]

1. d4 Nf6 2. Nf3 d5 3. e3 e6 4. Bd3 Be7 5. 0-0 0-0 6. Nbd2 Nbd7 7. Qe2 c5 8. c3 b6 9. e4 dxe4 10. Nxe4 Bb7 11. Neg5 h6 12. Nh3 Bd6 13. Re1 Qc7 14. Ne5 Rac8 15. Bd2 Rfd8 16. f4 Rf8 17. Rf1 Rcd8 18. Rad1 Bc8 19. Bb1 Nb8 20. Qd3 Ba6 21. Qf3 Bxf1 22. Qxf1 Qb7 23. Nf2 Qc7 24. Qd3 Nbd7 25. Nxd7 Rxd7 26. Ng4 Re8 27. Nxf6+ gxf6 28. Qh7+ Kf8 29. Qxh6+ Ke7 30. f5 e5 31. Be1 cxd4 32. Bh4 Kd8 33. Bxf6+ Be7 34. cxd4 exd4 35. Bd3 Qc5 36. Bxe7+ 1-0

[Event "GER Cup Amateur GrC 2nd"]
[Site "Voelklingen"]
[Date "2001.??.??"]
[Round "7"]
[White "Schorn, Siegfried"]
[Black "Titz, Waldemar"]
[Result "1/2-1/2"]
[WhiteElo "1425"]
[BlackElo "1556"]
[PlyCount "34"]
[EventDate "2001.??.??"]
[EventType "swiss"]
[EventRounds "9"]
[EventCountry "GER"]
[SourceTitle "EXT 2003"]
[Source "ChessBase"]
[SourceDate "2002.11.25"]
[SourceVersion "1"]
[SourceVersionDate "2002.11.25"]
[SourceQuality "1"]

1. e4 d6 2. d4 Nf6 3. Nc3 g6 4. Nf3 Bg7 5. Be2 0-0 6. 0-0 Bg4 7. h3 Bxf3 8. Bxf3 c6 9. Re1 e5 10. Be3 Nbd7 11. Qd2 Qc7 12. Rad1 Rad8 13. Qc1 a6 14. Ne2 exd4 15. Bxd4 Ne5 16. Bxe5 dxe5 17. Nc3 Rxd1 1/2-1/2